Mười cuốn sách về kiến trúc

Mô tả những nguyên tắc kinh điển về sự cân đối, sự hài hoà, tỉ lệ trong kiến trúc, thiết kế ngân hàng, nhà tù, trụ sở viện nguyên lão, nhà tắm, quảng trường, đền thờ, nhà hát. Vị trí, nền móng, âm học kiến trúc, các kiểu thích hợp...

Deskribapen osoa

Gorde:
Xehetasun bibliografikoak
Egile nagusia: Vitruvius
Formatua: Liburua
Hizkuntza:Undetermined
Argitaratua: Hà Nội Xây dựng 2012
Gaiak:
Etiketak: Etiketa erantsi
Etiketarik gabe, Izan zaitez lehena erregistro honi etiketa jartzen!
Thư viện lưu trữ: Trung tâm Học liệu Trường Đại học Cần Thơ
LEADER 01144nam a2200193Ia 4500
001 CTU_181215
008 210402s9999 xx 000 0 und d
020 |c 155000 
082 |a 720 
082 |b V848 
100 |a Vitruvius 
245 0 |a Mười cuốn sách về kiến trúc 
245 0 |c Vitruvius ; Lê Phục Quốc dịch 
260 |a Hà Nội 
260 |b Xây dựng 
260 |c 2012 
520 |a Mô tả những nguyên tắc kinh điển về sự cân đối, sự hài hoà, tỉ lệ trong kiến trúc, thiết kế ngân hàng, nhà tù, trụ sở viện nguyên lão, nhà tắm, quảng trường, đền thờ, nhà hát. Vị trí, nền móng, âm học kiến trúc, các kiểu thích hợp và tỉ lệ của nhà ở tư nhân, phương pháp hoàn thiện bền vững và đẹp, nhiều vấn đề khác có liên quan đến kiến trúc cổ La Mã và Hi Lạp cổ đại 
650 |a Architecture,Kiến trúc 
980 |a Trung tâm Học liệu Trường Đại học Cần Thơ